SLA research and language teaching /

Détails bibliographiques
Auteur principal: Ellis, Rod
Format: Livre
Langue:English
Publié: Oxford ; New York : Oxford University Press, 1997
Collection:Oxford applied linguistics.
Sujets:
Classic Catalogue: View this record in Classic Catalogue
LEADER 01850nam a2200289 a 4500
001 0017206
003 BD-DhAAL
008 110102r20041997enk b 001 0 eng d
020 |a 9780194372152 
020 |a 0194372154  
040 |a IAY  |c IAY  |d UKM  |d AZS  |d BD-DhAAL  
082 |a 418  |2 21 
100 1 |a Ellis, Rod.   |9 905 
245 1 0 |a SLA research and language teaching /  |c Rod Ellis. 
260 |a Oxford ;  |a New York :  |b Oxford University Press,  |c 1997   |g [2004 printing]. 
300 |a viii, 280 p. :  |b ill. ;  |c 23 cm 
490 0 |a Oxford applied linguistics.  
504 |a Includes bibliographical references (p. [253]-271) and index.  
505 0 |a Background: Second language acquisition research and language pedagogy -- Making research accessible: Grammar teaching and grammar learning -- Options in grammar teaching -- The application of theory: A theory of instructed second language acquisition -- The structural syllabus and second language acquisition -- Acquisition-compatible grammar tasks -- Second language acquisition research in the classroom: Learning to communicate in the classroom -- The teacher as researcher: Focused communication tasks -- Micro-evaluation: does a task work?-- Conclusion: Mediation problems.  
526 |a ENH  |x Shenin Ziauddin and Nazia Husain Faculty Members of BRAC University 
541 1 |e 00017206  |a Friends' Book Corner  
650 0 |a Second language acquisition.   |9 906 
650 0 |a Language and languages  |x Study and teaching  |x Research.   |9 907 
852 4 |a Ayesha Abed Library   |c General Stacks 
942 |2 ddc  |c BK  |0 1 
999 |c 10287  |d 10287 
952 |0 0  |1 0  |2 ddc  |4 0  |6 418_ELL  |7 0  |9 13740  |a BRACUL  |b BRACUL  |c GEN  |d 2011-01-02  |e Friends' Book Corner  |g 2920.00  |l 12  |m 76  |o 418 ELL  |p 3010017206  |r 2022-10-31  |s 2022-09-19  |t 1  |w 2011-01-02  |y BK  |x Requisitioned by Shenin Ziauddin and Nazia Husain (Faculty Members of BRAC University)